000
00302nam a22001457a 4500
008
211014b ||||| |||| 00| 0 eng d
020
_a
9780321947345
041
_a
eng
080
_2
2nd
_a
510
082
_a
510
100
_a
36
101
_a
MAT
245
_a
Calculus
_c
Briggs,W
942
_2
udc
_c
BK
999
_c
58228
_d
58228